000 00507nam a22001577a 4500
005 20240718133705.0
008 240718b |||||||| |||| 00| 0 eng d
041 _aEnglish
082 _a349 SOU
100 _lEnglish
245 _aSouth African Law Reports :
_bwith which are amalgamated The All South Africa Reports
260 _aCape Town :
_bJuta and Company Ltd,
_c1970
300 _bxii, 731 pages;
_c26 cm.
650 _aLegal practice
_bLaw
942 _cBK
_6ALISON_BN_VRIES
999 _c2184
_d2184